| 000 | 01698cam a22004694a 4500 | ||
|---|---|---|---|
| 999 |
_c5393 _d5393 |
||
| 001 | 15275977 | ||
| 003 | GZU | ||
| 005 | 20210406100940.0 | ||
| 008 | 080424s2008 paua b 001 0 eng | ||
| 010 | _a 2008018832 | ||
| 015 |
_aGBA883323 _2bnb |
||
| 016 | 7 |
_a101472321 _2DNLM |
|
| 016 | 7 |
_a014657013 _2Uk |
|
| 020 | _a9781416054849 | ||
| 020 | _a1416054847 | ||
| 035 | _a(OCoLC)ocn226308183 | ||
| 035 |
_a(OCoLC)226308183 _z(OCoLC)225874431 |
||
| 040 |
_aDNLM/DLC _cDLC _dNLM _dBAKER _dYDXCP _dBTCTA _dUKM _dC#P _dDLC |
||
| 042 | _apcc | ||
| 050 | 0 | 0 |
_aRC902 _b.THE 2008 |
| 245 | 0 | 0 |
_aTherapy in nephrology & hypertension : _ba companion to Brenner & Rector's The kidney / _c[edited by] Christopher S. Wilcox. |
| 246 | 3 | 0 | _aTherapy in nephrology and hypertension |
| 246 | 3 | 0 | _aBrenner and Rector's the kidney |
| 250 | _a3rd ed. | ||
| 260 |
_aPhiladelphia, PA : _bSaunders/Elsevier, _cc2008. |
||
| 300 |
_axxv, 1131 p. : _bill. ; _c29 cm. |
||
| 504 | _aIncludes bibliographical references and index. | ||
| 650 | 0 |
_aKidneys _xDiseases _xTreatment. |
|
| 650 | 0 |
_aHypertension _xTreatment. |
|
| 650 | 0 |
_aRenal hypertension _xTreatment. |
|
| 650 | 1 | 2 |
_aKidney Diseases _xtherapy. |
| 650 | 2 | 2 |
_aFemale Urogenital Diseases _xtherapy. |
| 650 | 2 | 2 |
_aHypertension _xtherapy. |
| 650 | 2 | 2 |
_aKidney Diseases _xcomplications. |
| 650 | 2 | 2 |
_aMale Urogenital Diseases _xtherapy. |
| 650 | 2 | 2 |
_aNephrology _xmethods. |
| 700 | 1 |
_aWilcox, Christopher S. _eeditor |
|
| 730 | 0 | _aBrenner & Rector's the kidney. | |
| 856 | 4 | 1 |
_3Table of contents only _uhttp://www.loc.gov/catdir/toc/ecip0817/2008018832.html |
| 906 |
_a7 _bcbc _corignew _d1 _eecip _f20 _gy-gencatlg |
||
| 942 |
_2lcc _cBK _e3rd ed. _h902 _iTHE _kRC |
||